Composition du raisin - Statistiques

Statistiques générales
  • Ce quiz a été pris 99 fois
  • Le résultat moyen est 3 sur 6
Answers on the Grid
Answers color-coded by a green-red scale on the quiz's grid according to % correct below.
Peau
Pépins
eau
glucides
moufles
potassium
Yvan Morel
Grappes
fibres
 
Statistiques - réponses
Réponse % Correct
Pépins
89%
eau
74%
Peau
74%
glucides
31%
potassium
16%
Yvan Morel
13%
Aucun quiz correspondant
Distribution des résultats
% des personnes avec chaque résultat
Percentile par nombre de réponses
Votre historique - résultats
Vous n’avez pas pris ce quiz